El clima en las organizaciones: teoría, método e intervención

Salvato in:
Dettagli Bibliografici
Autore principale: Silva Vásquez, Manuel (Autore)
Natura: Libro
Lingua:spagnolo
Pubblicazione: Barcelona EUB 1996
Serie:Colección Psicología y Educación, 41
Soggetti:
Tags: Aggiungi Tag
Nessun Tag, puoi essere il primo ad aggiungerne!!

MARC

LEADER 00000nam a2200000 a 4500
001 UCQ5719
003 CL-VaPUC
008 981002e19960000SP |||||||||||||||||spa|d
082 0 4 |a 658.402  |b SIL  |2 21 
100 0 |a Silva Vásquez, Manuel  |e author  |9 419749 
245 1 3 |a El clima en las organizaciones: teoría, método e intervención 
300 |a 318 p 
942 |c BK 
945 |d 19981002 00:00:00  |a aarredon 
260 |a Barcelona  |b EUB  |c 1996 
650 0 |a Administración  |9 259325 
650 0 |a Organizaciones  |9 337993 
650 0 |a Aspectos psicológicos  |9 258128 
650 0 |a Cambio organizacional   |9 260741 
650 0 |a Aspectos sociales  |9 254894 
650 0 |a Clima organizacional   |9 383014 
650 7 |a ESTRATEGIAS  |2 CL-VaPUC  |9 342878 
583 |a last modification  |c 19981002 00:00:00  |k Rodrigo Vera 
490 0 |a Colección Psicología y Educación, 41 
999 |c 275913  |d 275911 
952 |0 0  |1 0  |4 0  |6 658_402000000000000_SIL_1996  |7 0  |8 R  |9 312832  |a BIBEDU  |b BIBEDU  |c MCIRC  |d 2019-11-20  |i 346489K  |o 658.402 SIL 1996  |p 346489K  |r 2023-01-13  |w 2019-11-20  |y BK_R  |k BME